FIFA 22 Winter Wildcards - Statistics

General Stats
  • This quiz has been taken 36 times
    27 since last reset
  • The average score is 16 of 50
Answer Stats
Rating Club Player % Correct
93 PSG Neymar
86%
91 AC Milan Zlatan Ibrahimovic
86%
90 Manchester United Paul Pogba
71%
90 Real Madrid Luka Modric
57%
88 Manchester United Anthony Martial
50%
89 Bayern Munich Kingsley Coman
50%
90 Manchester City Raheem Sterling
50%
89 Liverpool Fabinho
43%
84 Koln Florian Kainz
43%
88 Genoa Goran Pandev
43%
85 Montpellier Nicolas Cozza
43%
85 Real Betis Alex Moreno
36%
86 Espanyol Embarba
36%
84 Birmingham Jordan Graham
36%
86 Arsenal Kieran Tierney
36%
86 Levante Morales
36%
86 Wolves Nelson Semedo
36%
88 Barcelona Philippe Coutinho
36%
86 Qingdao Huanghai Romain Alessandrini
36%
86 Crystal Palace Wilfried Zaha
36%
86 Benfica Adel Taarabt
29%
86 Leicester Caglar Soyuncu
29%
86 Frankfurt Djibril Sow
29%
88 Real Madrid Eden Hazard
29%
87 Lyon Houssem Aouar
29%
86 Lille Jonathan David
29%
85 PSV Jordan Teze
29%
88 Tottenham Lucas Moura
29%
86 Marseille Matteo Guendouzi
29%
86 Watford Oghenekaro Etebo
29%
87 Leicester Patson Daka
29%
85 Bologna Riccardo Orsolini
29%
88 Lazio Sergej Milinkovic-Savic
29%
84 Blackburn Tyler Magloire
29%
85 Aston Villa Axel Tuanzebe
21%
85 Borussia Monchengladbach Breel Embolo
21%
87 Chelsea Cesar Azpilicueta
21%
85 Wolfsburg Dodi Lukebakio
21%
87 Atletico Madrid Kieran Trippier
21%
86 Porto Mehdi Taremi
21%
88 AC Milan Mike Maignan
21%
85 Mainz Moussa Niakhate
21%
86 Villarreal Pau Torres
21%
85 Metz Thomas Delaine
21%
85 AC Milan Alessandro Florenzi
14%
86 Freiburg Christian Gunter
14%
85 Shenzen Frank Acheampong
14%
86 AC Milan Junior Messias
14%
87 Roma Leonardo Spinazzola
14%
85 Borussia Dortmund Nnamdi Collins
14%
No matching quizzes found
Score Distribution
Percent of People with Each Score
Percentile by Number Answered
Your Score History
You have not taken this quiz since the last reset